| 000 | 01110nam1a2200313 i 4500 | ||
|---|---|---|---|
| 001 | RU\NLR\BIBL_A\011506493 | ||
| 005 | 20241114203128.0 | ||
| 010 | _a9785863882734 | ||
| 035 | _a056 | ||
| 035 | _a(NLR Aleph) 011506493 | ||
| 090 |
_a12022863 _c12022863 |
||
| 100 | _a20171019g20179999u y0rusy50 ca | ||
| 101 | 0 | _arus | |
| 102 | _aRU | ||
| 105 | _a z z | ||
| 200 | 1 |
_aДиоксид серы в атмосфере: состояние, проблемы и решения _fВ. И. Смола |
|
| 210 |
_aМосква _cПолиграф сервис _d2017 |
||
| 215 | _d21 | ||
| 606 | 1 |
_aВоздух _xЗагрязнение сернистым ангидридом _92343144 _3RU\NLR\AUTH\6601623816 |
|
| 606 |
_aОтходящие газы _xОчистка от сернистого ангидрида _92342988 _3RU\NLR\AUTH\6601623741 |
||
| 686 | 1 | _aЛ111.581 | |
| 686 | 1 | _aР121.142.42 | |
| 686 | 1 | _aД232.27 | |
| 700 | 1 |
_aСмола _bВ. И. _gВиктор Иванович |
|
| 852 |
_aNLR _j2017-3/28807 |
||
| 942 | _cBOOK | ||
| 980 | _aNBR | ||